skbl

Dr Suryya Kumar Bhuyan Library Web-OPAC
ডঃ সূৰ্য্য
কুমাৰ ভূঞা পুথিভঁৰাল ৱেব-অ'পেক

All Research Scholars are advised to clear the annual library fees to continue using Library Resources, Remote Access, Plagiarism Test and Library Clearance.

Cotton University Book Fair 2026

Swastha (Record no. 66937)

MARC details
000 -LEADER
fixed length control field 00450nam a2200181Ia 4500
001 - CONTROL NUMBER
control field 65844
008 - FIXED-LENGTH DATA ELEMENTS--GENERAL INFORMATION
fixed length control field 231123n ii |||gr||||Z||||||asm
082 ## - DEWEY DECIMAL CLASSIFICATION NUMBER
Classification number 891.41
100 ## - MAIN ENTRY--PERSONAL NAME
Personal name Borgohain, Homen.
245 #0 - TITLE STATEMENT
Title Swastha
Statement of responsibility, etc. By Homen Borgohain
Medium Textual Documents
250 ## - EDITION STATEMENT
Edition statement 12th edn.
260 ## - PUBLICATION, DISTRIBUTION, ETC.
Place of publication, distribution, etc. Guwahati
Name of publisher, distributor, etc. Student`s Stores
300 ## - PHYSICAL DESCRIPTION
Extent 199pg:
Dimensions 23cm.
653 ## - INDEX TERM--UNCONTROLLED
Uncontrolled term Assamese
653 ## - INDEX TERM--UNCONTROLLED
Uncontrolled term Swastha
653 ## - INDEX TERM--UNCONTROLLED
Uncontrolled term G--H B Collection
942 ## - ADDED ENTRY ELEMENTS (KOHA)
Source of classification or shelving scheme Dewey Decimal Classification
Koha item type Books
Holdings
Withdrawn status Lost status Damaged status Not for loan Collection Home library Current library Shelving location Date acquired Coded location qualifier Cost, normal purchase price Total checkouts Full call number Barcode Date last seen Copy number Price effective from Koha item type
          Dr. Suryya Kumar Bhuyan Library Dr. Suryya Kumar Bhuyan Library   07/01/2023 00000 180.00   891.41 Bo 644 Sw 161/hbc 14/01/2024 2 07/01/2023 Books
          Dr. Suryya Kumar Bhuyan Library Dr. Suryya Kumar Bhuyan Library   07/01/2023 00000 180.00   891.41 Bo 644 Sw 132/hbc 14/01/2024 1 07/01/2023 Books
          Dr. Suryya Kumar Bhuyan Library Dr. Suryya Kumar Bhuyan Library   07/01/2023 00000 180.00   891.41 Bo 644 Sw 133/hbc 14/01/2024 4 07/01/2023 Books
          Dr. Suryya Kumar Bhuyan Library Dr. Suryya Kumar Bhuyan Library   07/01/2023 00000 180.00   891.41 Bo 644 Sw 160/hbc 14/01/2024 3 07/01/2023 Books

Designed and Maintained by Team SKBL
©1901-2026

Powered by Koha